Neural Networks for Pattern Recognition /
Contenido: Reconocimiento estadístico de patrones; Estimación de la densidad de posibilidad; Redes de capa sencilla; El percetrón multicapa; Funciones de base radiales; Funciones de error; Parámetros de optimización de algoritmos; Pre-procesamiento y extracción de características; Aprendizaje y gene...
Uloženo v:
| Hlavní autor: | |
|---|---|
| Médium: | Kniha |
| Jazyk: | angličtina |
| Vydáno: |
Oxford, Inglaterra :
Oxford University,
1995, c1995
|
| Témata: | |
| Tagy: |
Žádné tagy, Buďte první, kdo vytvoří štítek k tomuto záznamu!
|
MARC
| LEADER | 00000nam^a2200000^a^4500 | ||
|---|---|---|---|
| 001 | 000152792 | ||
| 005 | 20250521000000.0 | ||
| 009 | 20260310100255.568 | ||
| 020 | |a 0-19-853864-2 | ||
| 037 | |a Acervo ITESO - Biblioteca | ||
| 041 | |a ING | ||
| 082 | |a 006. 32 |b BIS | ||
| 100 | |a Bishop, Christopher M. |e (autor) | ||
| 245 | 1 | 0 | |a Neural Networks for Pattern Recognition / |c C.M. Bishop ; pról. de Geoffrey Hinton. |
| 264 | 4 | |a Oxford, Inglaterra : |b Oxford University, |c 1995, c1995 | |
| 300 | |a XVII, 482 p. | ||
| 336 | |a texto |b txt |2 rdacontenido | ||
| 337 | |a sin mediación |b n |2 rdamedio | ||
| 338 | |a volumen |b nc |2 rdasoporte | ||
| 520 | |a Contenido: Reconocimiento estadístico de patrones; Estimación de la densidad de posibilidad; Redes de capa sencilla; El percetrón multicapa; Funciones de base radiales; Funciones de error; Parámetros de optimización de algoritmos; Pre-procesamiento y extracción de características; Aprendizaje y generalización; Técnicas bayesianas. | ||
| 649 | |a XX | ||
| 650 | |a Conocimiento | ||
| 650 | |a Proceso Electrónico de Datos | ||
| 650 | |a Perceptrones | ||
| 650 | |a Reconocimiento de Patrones | ||
| 650 | |a Error Estadístico | ||
| 650 | |a Algoritmos | ||
| 650 | |a Análisis Numérico | ||
| 650 | |a Análisis Estadístico | ||
| 650 | |a Estadística Bayesiana | ||
| 650 | |a Probabilidad | ||
| 650 | |a Modelos Matemáticos | ||
| 650 | |a Control Automático | ||
| 650 | |a Control de Procesos | ||
| 650 | |a Redes Neurales | ||
| 650 | |a Inteligencia Artificial | ||
| 650 | |a Matemáticas de Ingeniería | ||
| 650 | |a Ingeniería Computacional | ||
| 910 | |a Fondo General | ||
| 920 | |a Impresos - Libros | ||
| 930 | |a Colección General | ||
| 905 | |a 101 | ||
| 901 | |a 0500081743 |b IT1 |c ACC |u 20250521 | ||
| 902 | |a https://opac.biblio.iteso.mx/vufind/Record/000152792 | ||